000
00310nam a2200109Ia 4500
008
220216s9999 xx 000 0 und d
100
_a
Teoh Cheng Hai
245
0
_a
Herbicide application techniques used in plantation crops in Malaysia - An update
260
_b
Planter
_c
1992
300
_a
291-306
942
_c
JS
999
_c
60275
_d
60275